<?xml version="1.0" encoding="UTF-8"?>
<record
    xmlns:xsi="http://www.w3.org/2001/XMLSchema-instance"
    xsi:schemaLocation="http://www.loc.gov/MARC21/slim http://www.loc.gov/standards/marcxml/schema/MARC21slim.xsd"
    xmlns="http://www.loc.gov/MARC21/slim">

  <leader>03330nam0a2200433   4500</leader>
  <controlfield tag="001">RU\NLR\BIBL_A\012893382</controlfield>
  <controlfield tag="005">20231026160510.0</controlfield>
  <datafield tag="010" ind1=" " ind2=" ">
    <subfield code="a">978-5-85383-893-2</subfield>
    <subfield code="b">&#x423;&#x440;&#x430;&#x43B;&#x44C;&#x441;&#x43A;&#x438;&#x439; &#x440;&#x430;&#x431;&#x43E;&#x447;&#x438;&#x439;</subfield>
    <subfield code="9">300</subfield>
  </datafield>
  <datafield tag="021" ind1=" " ind2=" ">
    <subfield code="a">RU</subfield>
    <subfield code="b">&#x41A;&#x41D;-&#x41F;-22-049760</subfield>
    <subfield code="9">&#x41A;&#x41D;-&#x41F;-22-4318</subfield>
  </datafield>
  <datafield tag="035" ind1=" " ind2=" ">
    <subfield code="a">(NLR Aleph) 012893382</subfield>
  </datafield>
  <datafield tag="035" ind1=" " ind2=" ">
    <subfield code="a">(RuMoRGB)011159090</subfield>
  </datafield>
  <datafield tag="090" ind1=" " ind2=" ">
    <subfield code="a">12558099</subfield>
    <subfield code="c">12558099</subfield>
  </datafield>
  <datafield tag="100" ind1=" " ind2=" ">
    <subfield code="a">20220922d2022    k  y0rusy50      ca</subfield>
  </datafield>
  <datafield tag="101" ind1="0" ind2=" ">
    <subfield code="a">rus</subfield>
  </datafield>
  <datafield tag="102" ind1=" " ind2=" ">
    <subfield code="a">RU</subfield>
  </datafield>
  <datafield tag="105" ind1=" " ind2=" ">
    <subfield code="a">ac  z   110zy</subfield>
  </datafield>
  <datafield tag="181" ind1=" " ind2="0">
    <subfield code="a">i3</subfield>
    <subfield code="b">axxe  </subfield>
  </datafield>
  <datafield tag="182" ind1=" " ind2="0">
    <subfield code="a">n</subfield>
  </datafield>
  <datafield tag="200" ind1="1" ind2=" ">
    <subfield code="a">&#x41F;&#x43E;&#x434; &#x441;&#x43A;&#x438;&#x43F;&#x435;&#x442;&#x440;&#x43E;&#x43C; &#x420;&#x43E;&#x43C;&#x430;&#x43D;&#x43E;&#x432;&#x44B;&#x445;</subfield>
    <subfield code="e">&#x43A; 300-&#x43B;&#x435;&#x442;&#x438;&#x44E; &#x43F;&#x440;&#x43E;&#x432;&#x43E;&#x437;&#x433;&#x43B;&#x430;&#x448;&#x435;&#x43D;&#x438;&#x44F; &#x420;&#x43E;&#x441;&#x441;&#x438;&#x438; &#x418;&#x43C;&#x43F;&#x435;&#x440;&#x438;&#x435;&#x439;</subfield>
    <subfield code="e">&#x43C;&#x430;&#x442;&#x435;&#x440;&#x438;&#x430;&#x43B;&#x44B; &#x43D;&#x430;&#x443;&#x447;&#x43D;&#x43E;-&#x43F;&#x440;&#x430;&#x43A;&#x442;&#x438;&#x447;&#x435;&#x441;&#x43A;&#x43E;&#x439; &#x43A;&#x43E;&#x43D;&#x444;&#x435;&#x440;&#x435;&#x43D;&#x446;&#x438;&#x438;, [&#x433;. &#x41A;&#x430;&#x43B;&#x438;&#x43D;&#x438;&#x43D;&#x433;&#x440;&#x430;&#x434;, 4 &#x438;&#x44E;&#x43D;&#x44F; 2021 &#x433;., &#x433;. &#x41F;&#x435;&#x440;&#x43C;&#x44C;, 14-15 &#x438;&#x44E;&#x43D;&#x44F; 2021 &#x433;., &#x433;. &#x41A;&#x430;&#x437;&#x430;&#x43D;&#x44C;, 22 &#x438;&#x44E;&#x43B;&#x44F; 2021 &#x433;.</subfield>
    <subfield code="e">&#x441;&#x431;&#x43E;&#x440;&#x43D;&#x438;&#x43A;]</subfield>
    <subfield code="f">&#x424;&#x43E;&#x43D;&#x434; &#x441;&#x43E;&#x434;&#x435;&#x439;&#x441;&#x442;&#x432;&#x438;&#x44F; &#x432;&#x43E;&#x437;&#x440;&#x43E;&#x436;&#x434;&#x435;&#x43D;&#x438;&#x44E; &#x442;&#x440;&#x430;&#x434;&#x438;&#x446;&#x438;&#x439; &#x43C;&#x438;&#x43B;&#x43E;&#x441;&#x435;&#x440;&#x434;&#x438;&#x44F; &#x438; &#x431;&#x43B;&#x430;&#x433;&#x43E;&#x442;&#x432;&#x43E;&#x440;&#x438;&#x442;&#x435;&#x43B;&#x44C;&#x43D;&#x43E;&#x441;&#x442;&#x438; "&#x415;&#x43B;&#x438;&#x441;&#x430;&#x432;&#x435;&#x442;&#x438;&#x43D;&#x441;&#x43A;&#x43E;-&#x421;&#x435;&#x440;&#x433;&#x438;&#x435;&#x432;&#x441;&#x43A;&#x43E;&#x435; &#x43F;&#x440;&#x43E;&#x441;&#x432;&#x435;&#x442;&#x438;&#x442;&#x435;&#x43B;&#x44C;&#x441;&#x43A;&#x43E;&#x435; &#x43E;&#x431;&#x449;&#x435;&#x441;&#x442;&#x432;&#x43E;" [&#x438; &#x434;&#x440;.]</subfield>
    <subfield code="g">&#x43F;&#x43E;&#x434; &#x440;&#x435;&#x434;&#x430;&#x43A;&#x446;&#x438;&#x435;&#x439; &#x410;. &#x412;. &#x413;&#x440;&#x43E;&#x43C;&#x43E;&#x432;&#x43E;&#x439;, &#x421;. &#x412;. &#x41D;&#x435;&#x433;&#x430;&#x43D;&#x43E;&#x432;&#x430;</subfield>
  </datafield>
  <datafield tag="203" ind1=" " ind2=" ">
    <subfield code="a">&#x422;&#x435;&#x43A;&#x441;&#x442;</subfield>
    <subfield code="b">&#x432;&#x438;&#x437;&#x443;&#x430;&#x43B;&#x44C;&#x43D;&#x44B;&#x439;</subfield>
    <subfield code="c">&#x43D;&#x435;&#x43F;&#x43E;&#x441;&#x440;&#x435;&#x434;&#x441;&#x442;&#x432;&#x435;&#x43D;&#x43D;&#x44B;&#x439;</subfield>
  </datafield>
  <datafield tag="210" ind1=" " ind2=" ">
    <subfield code="a">&#x41A;&#x430;&#x43B;&#x438;&#x43D;&#x438;&#x43D;&#x433;&#x440;&#x430;&#x434; [&#x438; &#x434;&#x440;.]</subfield>
    <subfield code="c">&#x423;&#x440;&#x430;&#x43B;&#x44C;&#x441;&#x43A;&#x438;&#x439; &#x440;&#x430;&#x431;&#x43E;&#x447;&#x438;&#x439;</subfield>
    <subfield code="d">2022</subfield>
  </datafield>
  <datafield tag="215" ind1=" " ind2=" ">
    <subfield code="a">719 &#x441;.</subfield>
    <subfield code="c">&#x438;&#x43B;., &#x43F;&#x43E;&#x440;&#x442;&#x440;.</subfield>
    <subfield code="d">21</subfield>
  </datafield>
  <datafield tag="320" ind1=" " ind2=" ">
    <subfield code="a">&#x411;&#x438;&#x431;&#x43B;&#x438;&#x43E;&#x433;&#x440;. &#x432; &#x43A;&#x43E;&#x43D;&#x446;&#x435; &#x441;&#x442;.</subfield>
  </datafield>
  <datafield tag="327" ind1="1" ind2=" ">
    <subfield code="a">&#x412; &#x441;&#x431;. &#x442;&#x430;&#x43A;&#x436;&#x435;: &#x422;&#x440;&#x435;&#x442;&#x44C;&#x438; &#x41F;&#x435;&#x440;&#x43C;&#x441;&#x43A;&#x438;&#x435; &#x43D;&#x430;&#x443;&#x447;&#x43D;&#x43E;-&#x43E;&#x431;&#x440;&#x430;&#x437;&#x43E;&#x432;&#x430;&#x442;&#x435;&#x43B;&#x44C;&#x43D;&#x44B;&#x435; &#x447;&#x442;&#x435;&#x43D;&#x438;&#x44F; "&#x418;&#x441;&#x442;&#x43E;&#x440;&#x438;&#x44F; &#x418;&#x43C;&#x43F;&#x435;&#x440;&#x430;&#x442;&#x43E;&#x440;&#x441;&#x43A;&#x43E;&#x433;&#x43E; &#x414;&#x43E;&#x43C;&#x430; &#x420;&#x43E;&#x43C;&#x430;&#x43D;&#x43E;&#x432;&#x44B;&#x445;", &#x43A;&#x440;&#x443;&#x433;&#x43B;&#x44B;&#x439; &#x441;&#x442;&#x43E;&#x43B; "&#x414;&#x43E;&#x43C; &#x420;&#x43E;&#x43C;&#x430;&#x43D;&#x43E;&#x432;&#x44B;&#x445;: &#x43F;&#x440;&#x43E;&#x441;&#x442;&#x440;&#x430;&#x43D;&#x441;&#x442;&#x432;&#x43E; &#x43F;&#x430;&#x43C;&#x44F;&#x442;&#x438;"</subfield>
  </datafield>
  <datafield tag="602" ind1=" " ind2=" ">
    <subfield code="a">&#x420;&#x43E;&#x43C;&#x430;&#x43D;&#x43E;&#x432;&#x44B; (&#x434;&#x438;&#x43D;&#x430;&#x441;&#x442;&#x438;&#x44F;)</subfield>
    <subfield code="f">1613 - 1917</subfield>
    <subfield code="j">&#x421;&#x44A;&#x435;&#x437;&#x434;&#x44B;, &#x441;&#x43E;&#x432;&#x435;&#x449;&#x430;&#x43D;&#x438;&#x44F; &#x438; &#x442;.&#x43F;</subfield>
    <subfield code="2">nlr_sh1</subfield>
    <subfield code="2">nlr_sh2</subfield>
    <subfield code="3">RU\NLR\AUTH\66963051</subfield>
  </datafield>
  <datafield tag="607" ind1=" " ind2=" ">
    <subfield code="a">&#x420;&#x43E;&#x441;&#x441;&#x438;&#x44F;</subfield>
    <subfield code="x">&#x418;&#x441;&#x442;&#x43E;&#x440;&#x438;&#x44F;</subfield>
    <subfield code="z">18 - &#x43D;&#x430;&#x447;. 20 &#x432;&#x432;.</subfield>
    <subfield code="j">&#x421;&#x44A;&#x435;&#x437;&#x434;&#x44B;, &#x441;&#x43E;&#x432;&#x435;&#x449;&#x430;&#x43D;&#x438;&#x44F; &#x438; &#x442;.&#x43F;</subfield>
    <subfield code="2">nlr_sh2</subfield>
    <subfield code="3">RU\NLR\AUTH\661406153</subfield>
  </datafield>
  <datafield tag="675" ind1=" " ind2=" ">
    <subfield code="a">94(47+57)(082)</subfield>
    <subfield code="v">4</subfield>
  </datafield>
  <datafield tag="686" ind1="1" ind2=" ">
    <subfield code="a">&#x422;3(2)&#x44F;431</subfield>
  </datafield>
  <datafield tag="686" ind1="1" ind2=" ">
    <subfield code="a">&#x422;214(2)0-1&#x44F;431</subfield>
  </datafield>
  <datafield tag="702" ind1=" " ind2="1">
    <subfield code="a">&#x413;&#x440;&#x43E;&#x43C;&#x43E;&#x432;&#x430;</subfield>
    <subfield code="b">&#x410;. &#x412;.</subfield>
    <subfield code="g">&#x410;&#x43D;&#x43D;&#x430; &#x412;&#x438;&#x442;&#x430;&#x43B;&#x44C;&#x435;&#x432;&#x43D;&#x430;</subfield>
    <subfield code="4">340</subfield>
  </datafield>
  <datafield tag="711" ind1="1" ind2="2">
    <subfield code="a">"&#x41F;&#x43E;&#x434; &#x441;&#x43A;&#x438;&#x43F;&#x435;&#x442;&#x440;&#x43E;&#x43C; &#x420;&#x43E;&#x43C;&#x430;&#x43D;&#x43E;&#x432;&#x44B;&#x445;. &#x41A; 300-&#x43B;&#x435;&#x442;&#x438;&#x44E; &#x43F;&#x440;&#x43E;&#x432;&#x43E;&#x437;&#x433;&#x43B;&#x430;&#x448;&#x435;&#x43D;&#x438;&#x44F; &#x420;&#x43E;&#x441;&#x441;&#x438;&#x438; &#x418;&#x43C;&#x43F;&#x435;&#x440;&#x438;&#x435;&#x439;", &#x43C;&#x435;&#x436;&#x434;&#x443;&#x43D;&#x430;&#x440;&#x43E;&#x434;&#x43D;&#x430;&#x44F; &#x43D;&#x430;&#x443;&#x447;&#x43D;&#x43E;-&#x43F;&#x440;&#x430;&#x43A;&#x442;&#x438;&#x447;&#x435;&#x441;&#x43A;&#x430;&#x44F; &#x43A;&#x43E;&#x43D;&#x444;&#x435;&#x440;&#x435;&#x43D;&#x446;&#x438;&#x44F;</subfield>
    <subfield code="f">2021</subfield>
    <subfield code="e">&#x41A;&#x430;&#x43B;&#x438;&#x43D;&#x438;&#x43D;&#x433;&#x440;&#x430;&#x434; &#x438; &#x434;&#x440;.</subfield>
    <subfield code="3">RU\NLR\AUTH\880572929</subfield>
  </datafield>
  <datafield tag="711" ind1="1" ind2="2">
    <subfield code="a">"&#x418;&#x441;&#x442;&#x43E;&#x440;&#x438;&#x44F; &#x418;&#x43C;&#x43F;&#x435;&#x440;&#x430;&#x442;&#x43E;&#x440;&#x441;&#x43A;&#x43E;&#x433;&#x43E; &#x414;&#x43E;&#x43C;&#x430; &#x420;&#x43E;&#x43C;&#x430;&#x43D;&#x43E;&#x432;&#x44B;&#x445;", &#x43F;&#x435;&#x440;&#x43C;&#x441;&#x43A;&#x438;&#x435; &#x43D;&#x430;&#x443;&#x447;&#x43D;&#x43E;-&#x43E;&#x431;&#x440;&#x430;&#x437;&#x43E;&#x432;&#x430;&#x442;&#x435;&#x43B;&#x44C;&#x43D;&#x44B;&#x435; &#x447;&#x442;&#x435;&#x43D;&#x438;&#x44F;</subfield>
    <subfield code="d">3</subfield>
    <subfield code="f">2021</subfield>
    <subfield code="3">RU\NLR\AUTH\880572931</subfield>
  </datafield>
  <datafield tag="711" ind1="1" ind2="2">
    <subfield code="a">"&#x414;&#x43E;&#x43C; &#x420;&#x43E;&#x43C;&#x430;&#x43D;&#x43E;&#x432;&#x44B;&#x445;: &#x43F;&#x440;&#x43E;&#x441;&#x442;&#x440;&#x430;&#x43D;&#x441;&#x442;&#x432;&#x43E; &#x43F;&#x430;&#x43C;&#x44F;&#x442;&#x438;", &#x43A;&#x440;&#x443;&#x433;&#x43B;&#x44B;&#x439; &#x441;&#x442;&#x43E;&#x43B;</subfield>
    <subfield code="f">2021</subfield>
    <subfield code="e">&#x41F;&#x435;&#x440;&#x43C;&#x44C;</subfield>
    <subfield code="3">RU\NLR\AUTH\880572935</subfield>
  </datafield>
  <datafield tag="712" ind1="0" ind2="2">
    <subfield code="a">&#x415;&#x43B;&#x438;&#x441;&#x430;&#x432;&#x435;&#x442;&#x438;&#x43D;&#x441;&#x43A;&#x43E;-&#x421;&#x435;&#x440;&#x433;&#x438;&#x435;&#x432;&#x441;&#x43A;&#x43E;&#x435; &#x43F;&#x440;&#x43E;&#x441;&#x432;&#x435;&#x442;&#x438;&#x442;&#x435;&#x43B;&#x44C;&#x441;&#x43A;&#x43E;&#x435; &#x43E;&#x431;&#x449;&#x435;&#x441;&#x442;&#x432;&#x43E;</subfield>
    <subfield code="c">&#x41C;&#x43E;&#x441;&#x43A;&#x432;&#x430;</subfield>
    <subfield code="3">RU\NLR\AUTH\880429084</subfield>
    <subfield code="4">557</subfield>
  </datafield>
  <datafield tag="942" ind1=" " ind2=" ">
    <subfield code="c">BOOK</subfield>
  </datafield>
  <datafield tag="980" ind1=" " ind2=" ">
    <subfield code="a">NB</subfield>
  </datafield>
  <datafield tag="995" ind1=" " ind2=" ">
    <subfield code="5">2022-09-22</subfield>
    <subfield code="a">ad</subfield>
    <subfield code="b">NLR01</subfield>
    <subfield code="c">NLR01</subfield>
    <subfield code="e">RF81</subfield>
    <subfield code="f">1-3979189</subfield>
    <subfield code="k">2022-3/26198</subfield>
    <subfield code="o">0</subfield>
    <subfield code="p">0.00</subfield>
    <subfield code="r">BOOK</subfield>
    <subfield code="s">2022326198_</subfield>
  </datafield>
  <datafield tag="995" ind1=" " ind2=" ">
    <subfield code="5">2022-09-22</subfield>
    <subfield code="a">ad</subfield>
    <subfield code="b">NLR01</subfield>
    <subfield code="c">NLR01</subfield>
    <subfield code="e">RF81</subfield>
    <subfield code="f">1-3979190</subfield>
    <subfield code="k">2022-3/26198</subfield>
    <subfield code="o">0</subfield>
    <subfield code="p">0.00</subfield>
    <subfield code="r">BOOK</subfield>
    <subfield code="s">2022326198_</subfield>
  </datafield>
</record>
